00891nam a22002777a 450000100040000000500170000400800410002102000180006204000240008008200080010410000230011224500560013526000410019130000230023250500060025552000950026152100180035652100180037465000130039265000240040565000100042970000190043994200150045899900130047395201270048645220230425090020.0230425b cb ||||| |||| 00| 0 eng d a9780333476895 aFISKHcFISKHdFISKH a664 aThomas, Rond1947- aBread and Bakeries :cRon Thomas and Jan Stutchbury aSouth Melbourne :bMacmillan,c1988. a30 pages :c21 cm. aD aAn illustrated description of the basic elements and ways that bread is made in a bakery.  a210 bLexile aD bRaz-Plus aBakeries aBakers and Bakeries aBread aJan Stutchbury 2ddccBKn0 c452d452 00102ddc40708NFICa001b001cTK Green 7-57-60d2023-04-25l0o664 THO p2023-0078r2023-04-25 00:00:00w2023-04-25yBK